000 00548nmm a2200205Ia 4500
008 251105s9999||||xx |||||||||||||||||und||
020 _a9788498418439
041 _aspa
100 _aFo, Dario
245 0 _aMisterio bufo y otras comedias
264 _a[Madrid, España] :
_bSiruela,
_c2014
300 _a356 páginas
490 _aNuevos tiempos
650 _aOther theater
700 _aFo, Dario
700 1 _a Matteini, Carla
700 1 _a Matteini, Carla
856 _uhttps://public.digitaliapublishing.com/a/31684
942 _cCF
999 _c65548
_d65548